000 00415nam a22001697a 4500
005 20160614165205.0
008 160614b xxu||||| |||| 00| 0 eng d
020 _a81-7929-051-4
041 _aeng
082 _b7580
100 _aHill Nigel & Alescand Jim
_91929
245 _aMeasuring Customer Satisfaction and loyalty
260 _bInfinity Book
300 _a280
650 _aManagement
_9241
942 _cBK
999 _c2708
_d2707